|
|
|
|
| LEADER |
00791nam a22002297a 4500 |
| 001 |
7042 |
| 003 |
BD-DhAAL |
| 005 |
20140306161537.0 |
| 008 |
140302s1993 xxu 000 0 eng |
| 020 |
|
|
|a 1882839161
|
| 040 |
|
|
|a BD-DhAAL
|c BD-DhAAL
|
| 082 |
|
|
|2 20
|a 362.1
|
| 100 |
1 |
|
|a Millar, Mary
|9 2865
|
| 245 |
0 |
0 |
|a Sustainability analysis :
|b facilitator's guide /
|c Mary Millar.
|
| 260 |
|
|
|a Washington, DC :
|b Aga Khan Foundation,
|c 1993.
|
| 300 |
|
|
|a 56 p. ;
|c 21 cm.
|
| 490 |
1 |
|
|a Primary health care management advancement programme
|v 9
|
| 541 |
|
|
|e 3010007042
|
| 650 |
|
0 |
|a Primary health care
|9 3919
|
| 942 |
|
|
|2 ddc
|c BK
|
| 999 |
|
|
|c 14188
|d 14188
|
| 952 |
|
|
|0 0
|1 0
|2 ddc
|4 0
|6 362_100000000000000_MIL
|7 0
|9 23932
|a BRACUL
|b BRACUL
|c GEN
|d 2014-03-02
|l 0
|o 362.1 MIL
|p 3010007042
|r 2014-03-02
|t 1
|w 2014-03-02
|y BK
|